Carros desportivos - Statistics

Estatísticas Gerais
  • Esse quiz foi jogado 351 vezes
    329 desde o último reset
  • A pontuação média é 9 de 16
Estatísticas das Respostas
Imagem Resposta % Correto
Audi
97%
Ferrari
96%
Mercedes
90%
BMW
87%
Porsche
80%
Bugatti
65%
Ford
64%
Chevrolet
62%
Honda
51%
Koenigsegg
46%
peugeot
40%
Maserati
39%
Lotus
34%
Lamborgini
19%
Austin Martin
7%
Pegeot
4%
Nenhum quiz correspondente encontrado
Distribuição das Pontuações
Porcentagem de Pessoas com Cada Pontuação
Percentil de Números Respondidos
Sua Pontuação Histórica
Você não jogou esse quiz desde o último reset